Score 0/18 Timer 04:00
3 Plays Today
Hint Answer % Correct
PoliticianGeorge W. Bush
95.8%
ActorGlenn Close
76.9%
ActorMeg Ryan
71.3%
MusicianMichael Bolton
61.2%
ActorKatharine Hepburn
60.7%
MusicianKaren Carpenter
60.2%
AnimatorSeth MacFarlane
53.4%
MusicianJohn Mayer
52.6%
ActorChristopher Lloyd
49.7%
Hint Answer % Correct
ActorPaul Giamatti
45.8%
PoliticianRalph Nader
44.1%
ActorJames Van Der Beek
42.1%
ActorJohn Ratzenberger
34.6%
ActorRobert Mitchum
34%
GeneralBenedict Arnold
19.5%
WriterStephenie Meyer
16.5%
WriterHarriet Beecher Stowe
9.1%
WriterSuzanne Collins
6.6%
Remove Ads.
Support Sporcle.
Get the best of Sporcle when you Go Orange. This ad-free experience offers more features, more stats, and more fun while also helping to support Sporcle. Thank you for becoming a member.

You're not logged in!

Compare scores with friends on all Sporcle quizzes.
OR
Log In

Show Comments

Extras

Top Quizzes Today


Score Distribution

Your Account Isn't Verified!

In order to create a playlist on Sporcle, you need to verify the email address you used during registration. Go to your Sporcle Settings to finish the process.

Report this User

Report this user for behavior that violates our Community Guidelines.

Details: